[Event "18th Casino de Barcelona 2013"]
[Site "Barcelona ESP"]
[Date "2013.10.28"]
[Round "4.3"]
[White "Alsina Leal,D"]
[Black "Narciso Dublan,M"]
[Result "1/2-1/2"]
[WhiteElo "2539"]
[BlackElo "2521"]

1.e4 e6 2.d4 d5 3.Nd2 Nc6 4.Ngf3 Nf6 5.e5 Nd7 6.Be2 Be7 7.Nf1 O-O 8.Ne3 f6
9.exf6 Nxf6 10.O-O Bd7 11.c4 Be8 12.b3 Bd6 13.Bb2 Bf4 14.g3 Bxe3 15.fxe3 Bg6
16.Ng5 Qe7 17.Bf3 Rad8 18.Qe2 h6 19.Nh3 Be4 20.Bxe4 Nxe4 21.Nf2 Nxf2 22.Rxf2 Rxf2
23.Qxf2 Rf8 24.Qg2 Qg5 25.Re1 Rf7 26.Bc3 Qf5 27.e4 Qf3 28.Qxf3 Rxf3 29.exd5 exd5
30.cxd5 Rxc3 31.dxc6 Rxc6 32.d5 Rc2 33.Re7 a5 34.a4 b6 35.Kf1 Kf8 36.Rd7 Rxh2
37.Rxc7 Rb2 38.d6 Ke8 39.Rxg7 Rxb3 40.Ke2 h5 41.Rb7 Rxg3 42.Rxb6 Rg4 43.Rb5 Rxa4
44.Rxh5  1/2-1/2

[Event "8th Herbstopen"]
[Site "Deizisau GER"]
[Date "2013.10.29"]
[Round "7.2"]
[White "Dgebuadze,A"]
[Black "Wittmann,Ral"]
[Result "1/2-1/2"]
[WhiteElo "2521"]
[BlackElo "2196"]

1.e4 e6 2.d4 d5 3.Nd2 Be7 4.Ngf3 Nf6 5.e5 Nfd7 6.Bd3 c5 7.c3 Nc6 8.O-O a5
9.a3 a4 10.Re1 cxd4 11.cxd4 g5 12.h3 h5 13.Nf1 g4 14.hxg4 hxg4 15.N3h2 Nxd4
16.Qxg4 Nb3 17.Rb1 Nxc1 18.Rbxc1 Nc5 19.Bb1 Qb6 20.Qg7 Rf8 21.Ng4 Bd7 22.Nf6+ Bxf6
23.Qxf6 Bc6 24.Ng3 Nb3 25.Rcd1 Qd8 26.Qf4 Qb6 27.Nf5 O-O-O 28.Ne7+ Kb8 29.Bc2 Bb5
30.Bxb3 axb3 31.Qb4 Ka7 32.Qxb3 Bc4 33.Qa4+ Qa6 34.Qc2 Qb5 35.Re3 d4 36.a4 Qb4
37.Rf3 d3 38.Qc1 d2 39.Nc8+ Kb8 40.Qc2 Be2 41.Nd6 Bxd1 42.Qxd1 Qxb2 43.Rd3 Qc1
44.Rxd2 Qxd1+ 45.Rxd1 f6 46.f4  1/2-1/2

[Event "17th OIBM 2013"]
[Site "Bad Wiessee GER"]
[Date "2013.10.30"]
[Round "6.37"]
[White "Schoenberger,P"]
[Black "Zach,A"]
[Result "0-1"]
[WhiteElo "2138"]
[BlackElo "2307"]

1.e4 e6 2.d4 d5 3.Nd2 Be7 4.Bd3 c5 5.dxc5 Nf6 6.Qe2 a5 7.Ngf3 O-O 8.a4 Na6
9.e5 Nd7 10.Nb3 Naxc5 11.Nxc5 Nxc5 12.Bb5 f5 13.exf6 Bxf6 14.O-O Bd7 15.Rd1 Rc8
16.Rb1 Re8 17.Ne5 Bxb5 18.axb5 Bxe5 19.Qxe5 Ne4 20.c3 Qb6 21.Be3 Qxb5 22.f3 Nf6
23.Bg5 Qb6+ 24.Rd4 Nd7 25.Qe3 h6 26.Bh4 e5 27.Rd3 Qxe3+ 28.Rxe3 Kf7 29.Rd1 g5
30.Bf2 Nf6 31.Bg3 e4 32.h4 a4 33.hxg5 hxg5 34.Bd6 Ke6 35.Bb4 Rc4 36.Kf2 g4
37.Ree1 Rh8 38.Ba5 gxf3 39.gxf3 Rh2+ 40.Kg3 Rxb2 41.Rb1 Rxb1 42.Rxb1 a3 43.Ra1 Ra4
44.Bb6 exf3 45.Kxf3 a2 46.Ke3 Nd7 47.Bd4 Ne5 48.Kd2 Nf3+  0-1

[Event "17th OIBM 2013"]
[Site "Bad Wiessee GER"]
[Date "2013.10.31"]
[Round "7.26"]
[White "Lampert,J"]
[Black "Riedel,Ho"]
[Result "0-1"]
[WhiteElo "2376"]
[BlackElo "2213"]

1.e4 e6 2.d4 d5 3.Nd2 Be7 4.c3 c5 5.dxc5 Bxc5 6.Bd3 Nf6 7.Qe2 dxe4 8.Nxe4 Nxe4
9.Bxe4 Nd7 10.Nf3 a6 11.O-O Qc7 12.Bg5 Nf6 13.Rad1 Bd7 14.Bd3 Bd6 15.h3 h6
16.Bc1 O-O 17.c4 Rfe8 18.b3 e5 19.Nd2 e4 20.Bxe4 Bc6 21.f3 Bc5+ 22.Rf2 Nh5
23.b4 Nf4 24.Qf1 Nxh3+ 25.gxh3 Qg3+ 26.Qg2 Bxf2+ 27.Kf1 Qxg2+ 28.Kxg2 Be3
29.Bxc6 bxc6 30.Ne4 Bxc1 31.Rxc1 f5 32.Nd6 Re2+ 33.Kg3 Rf8 34.a4 Rf6 35.c5 f4+
36.Kh4 g5+ 37.Kh5 Rh2 38.Kg4 Kh7 39.Nc4 Rg2+ 40.Kh5 Rg3 41.Rh1 Rxf3 42.Ne5 Rb3
43.Nd7 Rf5 44.Re1 Rf7 45.Nf8+ Rxf8 46.Re7+ Kg8 47.Kg6 Rd8 48.Rg7+ Kh8 49.Rf7 Rxb4  0-1

[Event "80th ch-BRA S/F 1 2013"]
[Site "Rio de Janeiro BRA"]
[Date "2013.10.31"]
[Round "1.12"]
[White "Menna Barreto,F"]
[Black "Santos Filho,T"]
[Result "0-1"]
[WhiteElo "2264"]
[BlackElo "2072"]

1.d4 e6 2.e4 d5 3.Nd2 Be7 4.e5 c5 5.dxc5 Bxc5 6.Nb3 Bb6 7.Nf3 Nc6 8.Bd3 Nge7
9.Bf4 Nb4 10.O-O Nxd3 11.cxd3 Bd7 12.Qd2 h6 13.Be3 O-O 14.Rac1 Nf5 15.Bc5 Re8
16.Qb4 Bxc5 17.Qxc5 Qe7 18.Qxe7 Nxe7 19.Nc5 Bc6 20.Nd4 Rab8 21.Rc3 Rec8 22.Rfc1 Be8
23.f4 b6 24.Na6 Rxc3 25.Rxc3 Rc8 26.Ra3 Bd7 27.Kf2 g6 28.Ke3 Kf8 29.b4 Nf5+
30.Nxf5 gxf5 31.d4 Bb5 32.Nc5 bxc5 33.dxc5 a6 34.Kd4 Ke7 35.Ra5 Bf1 36.a4 Rb8
37.b5 axb5 38.Ra7+ Ke8 39.a5 b4 40.c6 b3 41.Rb7 Rc8 42.Kc5 d4 43.Kxd4 Rxc6
44.g3 Bc4 45.a6 Bd5 46.Rb8+ Kd7 47.a7 Ra6 48.Kc3 Rxa7  0-1

[Event "80th ch-BRA S/F 1 2013"]
[Site "Rio de Janeiro BRA"]
[Date "2013.11.02"]
[Round "5.24"]
[White "Bil,A"]
[Black "Santos Filho,T"]
[Result "0-1"]
[WhiteElo "2083"]
[BlackElo "2072"]

1.e4 e6 2.d4 d5 3.Nd2 Be7 4.Ngf3 Nf6 5.e5 Nfd7 6.Bd3 c5 7.c3 Nc6 8.Qe2 g5
9.g4 h5 10.Rg1 Qb6 11.Bb5 cxd4 12.Bxc6 bxc6 13.cxd4 Ba6 14.Qe3 c5 15.Qb3 Qa5
16.Qc3 Qb5 17.Qe3 cxd4 18.Nxd4 Qb6 19.b4 Bxb4 20.a3 Ba5 21.Kd1 Qc7 22.N2f3 Rb8
23.Ra2 Qc4 24.Rc2 Qa4 25.Nc6 Rc8 26.Nfd4 Bb6 27.Qxg5 Bd8 28.Qg7 Rf8 29.Rg3 hxg4
30.Rc3 Ba5 31.Qg5 Bd8 32.Qh5 Ba5 33.Nxe6 Rxc6 34.Rxc6 Qe4 35.Ng7+ Kd8 36.Bg5+ f6
37.Bxf6+ Nxf6 38.Ne6+ Ke7 39.exf6+ Rxf6 40.Kc1 Bc4 41.R6xc4 Qe1+ 42.Kb2 dxc4
43.Qc5+ Kxe6 44.Qxc4+ Kf5 45.Qd3+ Kg5 46.Qg3 Rb6+  0-1

[Event "52nd TCh-DEN XtraCon 2013-14"]
[Site "Denmark DEN"]
[Date "2013.11.03"]
[Round "2.2"]
[White "Sorensen,Jan1"]
[Black "Sorensen,B"]
[Result "1-0"]
[WhiteElo "2422"]
[BlackElo "2247"]

1.e4 e6 2.d4 d5 3.Nd2 Be7 4.Ngf3 Nf6 5.e5 Nfd7 6.Bd3 c5 7.c3 Nc6 8.O-O g5
9.b4 cxb4 10.cxb4 Nxb4 11.Bb1 Nb6 12.Nb3 Na4 13.Bd2 g4 14.Ne1 Bd7 15.Qxg4 Qb6
16.f4 O-O-O 17.f5 Rdg8 18.Qh5 Nc6 19.Nd3 exf5 20.Qxf7 Nxd4 21.Kh1 Qe6 22.Qh5 Rg4
23.Nf4 Qxe5 24.Nxd4 Qxd4 25.Bxf5 Rg5 26.Bxd7+ Kxd7 27.Qf3 Kc6 28.Rae1 Nc5
29.Bc3  1-0

[Event "3rd Panama Open"]
[Site "Panama City PAN"]
[Date "2013.11.03"]
[Round "5.7"]
[White "Ortiz Suarez,I"]
[Black "Arribas Robaina,M"]
[Result "1-0"]
[WhiteElo "2601"]
[BlackElo "2313"]

1.e4 e6 2.d4 d5 3.Nd2 Be7 4.Ngf3 Nf6 5.e5 Nfd7 6.Bd3 c5 7.c3 Nc6 8.O-O a5
9.a4 cxd4 10.cxd4 Nb4 11.Bb5 O-O 12.Nb1 b6 13.Nc3 Ba6 14.Re1 Bxb5 15.axb5 Rc8
16.g3 Re8 17.h4 Nf8 18.Bg5 h6 19.Be3 Qc7 20.Qd2 Qc4 21.Red1 Qb3 22.Rdc1 Qc4
23.Ne1 Ng6 24.h5 Nf8 25.Qd1 Nh7 26.b3 Qc7 27.Nxd5 Qb7 28.Nxb4 Bxb4 29.Qf3 Qd7
30.Rc6 Bxe1 31.Rxe1 Rxc6 32.Qxc6 Qd8 33.Rd1 Qb8 34.d5 exd5 35.Rxd5 Rxe5 36.Rxe5 Qxe5
37.Qxb6 Qd5 38.Qc6 Qd1+ 39.Kg2 Nf6 40.b6 Nd5 41.Qe8+ Kh7 42.Qe4+ g6 43.hxg6+ fxg6
44.Bd4  1-0

[Event "FSGM November 2013"]
[Site "Budapest HUN"]
[Date "2013.11.07"]
[Round "5.2"]
[White "Vavulin,M"]
[Black "Matsenko,S"]
[Result "1/2-1/2"]
[WhiteElo "2405"]
[BlackElo "2454"]

1.e4 e6 2.d4 d5 3.Nd2 Nc6 4.Ngf3 Nf6 5.e5 Nd7 6.Be2 f6 7.exf6 Qxf6 8.Nf1 Bd6
9.Ne3 O-O 10.O-O Qg6 11.c4 Nf6 12.c5 Bf4 13.Nc2 Bxc1 14.Rxc1 Bd7 15.Nce1 Qh6
16.Nd3 Be8 17.Nde5 Ne7 18.Qb3 Rb8 19.h3 Nh5 20.Ng4 Qf4 21.Rcd1 Nc6 22.Nge5 Qh6
23.Nxc6 Bxc6 24.Ne5 Nf4 25.Bg4 Qf6 26.g3 h5 27.gxf4 hxg4 28.hxg4 Qxf4 29.Kg2 Rf6
30.f3 Rh6 31.Rh1 Rxh1 32.Kxh1 Qg3 33.Qc2 Rf8 34.Qg2 Qf4 35.Qd2 Qg3 36.Qg2 Qf4
37.Qf2 Rf6 38.Kg1 Rh6 39.Nd3 Qg5 40.Ne5 Qf4 41.Nd3 Qg5 42.Re1 Rf6 43.Re5 Qg6
44.Qe3 Bb5 45.Ne1 b6 46.Qb3 Rf4 47.Qe3 Rf6 48.Qa3 Rf4 49.Qe3 Rf6 50.Qa3  1/2-1/2

[Event "FSIM November 2013"]
[Site "Budapest HUN"]
[Date "2013.11.07"]
[Round "5.4"]
[White "Rudakov,A"]
[Black "Kantor,G"]
[Result "1-0"]
[WhiteElo "2340"]
[BlackElo "2322"]

1.e4 e6 2.d4 d5 3.Nd2 Be7 4.Bd3 c5 5.dxc5 Nf6 6.Qe2 O-O 7.Ngf3 a5 8.O-O Na6
9.e5 Nd7 10.c4 Naxc5 11.Bc2 b6 12.Nd4 Qc7 13.f4 Ba6 14.b3 g6 15.Bb2 Rac8
16.Rae1 Rfe8 17.f5 Bf8 18.f6 dxc4 19.bxc4 Red8 20.h4 Bh6 21.Rf2 Nb8 22.h5 Nc6
23.Nxc6 Qxc6 24.Bc1 Bf8 25.hxg6 hxg6 26.Qg4 Nd3 27.Bxd3 Rxd3 28.Ne4 Qxc4
29.Qh4 Rcd8 30.Bh6 Bc5 31.Rf1 Rd1 32.Kh2 Bxf2 33.Rxf2 Qd4 34.Bf4  1-0

[Event "10th European Teams w"]
[Site "Warsaw POL"]
[Date "2013.11.08"]
[Round "1.6"]
[White "Jelica,M"]
[Black "Mkrtchian,L"]
[Result "0-1"]
[WhiteElo "2252"]
[BlackElo "2447"]

1.e4 e6 2.d4 d5 3.Nd2 Be7 4.e5 c5 5.Qg4 Kf8 6.dxc5 Nc6 7.Ngf3 h5 8.Qa4 Qc7
9.Nb3 Nxe5 10.Nxe5 Qxe5+ 11.Be2 Nf6 12.f4 Qc7 13.Be3 Ne4 14.O-O-O Bd7 15.Qa3 a5
16.Bd3 f5 17.Kb1 a4 18.Bxe4 fxe4 19.c4 Rc8 20.cxd5 exd5 21.Nd4 b6 22.f5 bxc5
23.Ne6+ Bxe6 24.fxe6 Qc6 25.Rhf1+ Kg8 26.Bc1 Qxe6 27.Qxa4 d4 28.Qc2 e3 29.Rfe1 Bf6
30.b3 c4 31.bxc4 Rxc4 32.Qb3 Kf7 33.Bb2 Rhc8 34.Rd3 R8c6 35.Qd1 Qf5 36.Ka1 Rc2
37.Re2 Rxe2 38.Qxe2 Qg4 39.Qf1 e2 40.Qe1 Qe4  0-1

[Event "10th European Teams w"]
[Site "Warsaw POL"]
[Date "2013.11.09"]
[Round "2.4"]
[White "Zozulia,A"]
[Black "Mkrtchian,L"]
[Result "1/2-1/2"]
[WhiteElo "2334"]
[BlackElo "2447"]

1.e4 e6 2.d4 d5 3.Nd2 Be7 4.Ngf3 Nf6 5.Bd3 c5 6.dxc5 dxe4 7.Nxe4 Nxe4 8.Bxe4 Qxd1+
9.Kxd1 Bxc5 10.Ke2 Nd7 11.c3 Ke7 12.Rd1 Nf6 13.Bc2 Bd6 14.Bg5 Bd7 15.Nd4 h6
16.Bh4 Rac8 17.Bg3 Bxg3 18.hxg3 h5 19.f3 Rhd8 20.Rd2 g6 21.Kf2 Be8 22.Rad1 Rd5
23.Bb3 Rdc5 24.Bc2 R5c7 25.Re1 Bd7 26.Re5 Rc5 27.Rxc5 Rxc5 28.Nb3 Rc7 29.Nd4 e5
30.Re2 Kd6 31.Nb3 Be6 32.Nc1 Nd7 33.Bb3 Nc5 34.Rd2+ Ke7 35.Bxe6 Kxe6 36.Nd3 Nd7
37.Re2 Kd6 38.Rd2 Ke6 39.Re2 Kd6 40.Rd2 Ke6  1/2-1/2

[Event "10th European Teams w"]
[Site "Warsaw POL"]
[Date "2013.11.09"]
[Round "2.10"]
[White "Thuerig,C"]
[Black "Michna,Mart"]
[Result "0-1"]
[WhiteElo "1997"]
[BlackElo "2357"]

1.e4 e6 2.d4 d5 3.Nd2 Nc6 4.c3 e5 5.exd5 Qxd5 6.Ngf3 exd4 7.Bc4 Qh5 8.Nxd4 Qxd1+
9.Kxd1 Nxd4 10.cxd4 Bf5 11.Re1+ Ne7 12.Nb3 Bg6 13.Bg5 f6 14.Bf4 O-O-O 15.Be6+ Kb8
16.Rc1 Nc6 17.d5 Bd6 18.Bd2 Ne5 19.Nd4 Nd3 20.Re2 Nxb2+ 21.Ke1 Nd3+ 22.Kf1 Nxc1
23.Bxc1 Bd3  0-1

[Event "IX Chervonograd Cup A 2013"]
[Site "Chervonograd UKR"]
[Date "2013.11.13"]
[Round "4.6"]
[White "Terletsky,O"]
[Black "Skawinski,A"]
[Result "1/2-1/2"]
[WhiteElo "2276"]
[BlackElo "2309"]

1.e4 e6 2.d4 d5 3.Nd2 Nc6 4.Ngf3 Nf6 5.e5 Nd7 6.Be2 f6 7.exf6 Qxf6 8.Nf1 Bd6
9.Ne3 O-O 10.O-O Qg6 11.h3 Nf6 12.c4 Bd7 13.Bd3 Qh5 14.Be2 Qe8 15.Re1 Rd8
16.Bd3 Qh5 17.Ng4 dxc4 18.Nxf6+ Rxf6 19.Bxc4 Rg6 20.Bd3 Rf6 21.Bg5 Nxd4 22.Bxf6 Nxf3+
23.Qxf3 Qxf3 24.gxf3 gxf6 25.Bc4 Kf7 26.Kf1 f5 27.Ke2 b5 28.Bb3 c5 29.Rad1 Be5
30.Rd2 Bd4 31.f4 Kf6 32.a3 Bc6 33.Kf1 Rd6 34.Ba2 a5 35.b4 axb4 36.axb4 c4
37.Red1 c3 38.Rc2 Ke7 39.Rd3 Be4 40.Rcxc3 Bxc3 41.Rxc3 Rd4 42.Rc7+ Kd6 43.Rxh7 Bf3
44.Kg1 Rd2 45.Ra7 Rd4 46.Ra6+ Bc6 47.Bxe6 Rxf4  1/2-1/2

[Event "10th European Teams w"]
[Site "Warsaw POL"]
[Date "2013.11.16"]
[Round "8.8"]
[White "Bojkovic,N"]
[Black "Paehtz,E"]
[Result "1/2-1/2"]
[WhiteElo "2405"]
[BlackElo "2449"]

1.e4 e6 2.d4 d5 3.Nd2 Nc6 4.Ngf3 Nf6 5.e5 Nd7 6.Bd3 f6 7.Ng5 Ndxe5 8.dxe5 fxg5
9.Qh5+ g6 10.Bxg6+ Kd7 11.c4 Nxe5 12.Bc2 Qf6 13.O-O c6 14.b3 Kc7 15.Rb1 Bd6
16.Bb2 Qf4 17.Rbd1 Rf8 18.Qe2 Ng6 19.g3 Qf7 20.Bxg6 hxg6 21.Be5 Qf5 22.Bxd6+ Kxd6
23.cxd5 exd5 24.Nc4+ Kc7 25.Qe7+ Bd7 26.Ne3 Qh3 27.Nxd5+ cxd5 28.Rc1+ Kb6
29.Qc5+ Ka6 30.Qa3+ Kb6 31.Qc5+ Ka6 32.Qa3+ Kb6 33.Qb4+ Ka6 34.Rc5 b5 35.Rc7 Rf6
36.Qa3+ Kb6 37.Qc5+ Ka6 38.Qa3+ Kb6 39.Qc5+ Ka6 40.Qa3+  1/2-1/2

[Event "TCh-BEL 2013-14"]
[Site "Belgium BEL"]
[Date "2013.11.17"]
[Round "4.3"]
[White "Popovic,Pe"]
[Black "Feygin,M"]
[Result "1/2-1/2"]
[WhiteElo "2458"]
[BlackElo "2512"]

1.e4 e6 2.d4 d5 3.Nd2 Be7 4.Ngf3 Nf6 5.exd5 exd5 6.Bd3 Nbd7 7.O-O Nf8 8.Re1 Ne6
9.Nf1 O-O 10.Ng3 Re8 11.c3 c6 12.Be3 Bd6 13.Ne5 Nf8 14.f4 Ne4 15.Nxe4 dxe4
16.Bxe4 f6 17.Qb3+ Be6 18.Qxb7 fxe5 19.dxe5 Bc7 20.Qxc6 Rc8 21.Rad1 Qh4 22.Qa4 Ng6
23.Rf1  1/2-1/2

[Event "TCh-BEL 2013-14"]
[Site "Belgium BEL"]
[Date "2013.11.17"]
[Round "4.4"]
[White "Burg,T"]
[Black "Marechal,A"]
[Result "1-0"]
[WhiteElo "2490"]
[BlackElo "2348"]

1.e4 e6 2.d4 d5 3.Nd2 Nc6 4.Ngf3 Nf6 5.e5 Nd7 6.Be2 Be7 7.Nf1 O-O 8.Ne3 f6
9.exf6 Nxf6 10.O-O Bd6 11.Re1 b6 12.Bb5 Ne7 13.Nf1 c5 14.c3 a6 15.Bd3 Nc6
16.Ng3 Ra7 17.Ne5 Qe8 18.Bf4 Bxe5 19.Bxe5 Nxe5 20.Rxe5 Re7 21.Qe2 cxd4 22.Nf5 dxc3
23.Nxe7+ Qxe7 24.bxc3 Qc7 25.c4 d4 26.Re1 Qd6 27.h3 Rd8 28.Qf3 Rf8 29.Qg3 Qc7
30.Qh4 Qd6 31.Qg5 Qa3 32.Qd2 Rd8 33.Qc2 h6 34.Qb3 Qd6 35.Qb2 Kh8 36.Qc2 Rf8
37.c5 bxc5 38.Qxc5 Qd8 39.R5e2 Kg8 40.Bc4 Nd5 41.Bxd5 Qxd5 42.Qxd5 exd5 43.Rd1 Bd7
44.Re5 Bb5 45.Rxd5 Bc4 46.R5xd4 Bxa2 47.Ra1 Bb3 48.Rb4 Bc2 49.Rxa6 Rf7 50.Rd6 Kh7
51.f3 Ra7 52.Kh2 Bf5 53.g4 Bc2 54.Kg3 Rc7 55.Rbd4 Bb3 56.Rd7 Rc1 57.Rb4 Be6
58.Re7 Bd5 59.Rd4 Bc6 60.Rf4 Bd5 61.Rf8 Rc3 62.h4 Ra3 63.Ree8  1-0

[Event "4NCL 2013-14"]
[Site "Hinckley ENG"]
[Date "2013.11.17"]
[Round "2.134"]
[White "Kwiatkowski,F"]
[Black "Roberson,P"]
[Result "1/2-1/2"]
[WhiteElo "2215"]
[BlackElo "2374"]

1.e4 e6 2.d4 d5 3.Nd2 Be7 4.Ngf3 Nf6 5.Bd3 c5 6.dxc5 dxe4 7.Nxe4 Nxe4 8.Bxe4 Qxd1+
9.Kxd1 Bxc5 10.Ke2 Nd7 11.Rd1 Ke7 12.a3 Nf6 13.Bg5 a5 14.b4 axb4 15.axb4 Rxa1
16.Rxa1 Bxb4 17.Rb1 Bd6 18.Bxb7 e5 19.Nd2 Be6 20.Ba6 Bd5 21.f3 Rb8 22.Rxb8 Bxb8
23.c4 Ba8 24.Ne4 Bxe4 25.fxe4 h6 26.Bxf6+ Kxf6 27.c5 Ba7 28.c6 Bb6 29.Bc4 Ke7
30.Kf3 f6 31.Kg4 Bc7 32.Kf5 Bb8 33.Kg6 Kf8 34.Kf5 Ke7 35.h4 Bc7 36.Bd5 Bb8
37.Kg6  1/2-1/2

[Event "10th European Teams w"]
[Site "Warsaw POL"]
[Date "2013.11.17"]
[Round "9.1"]
[White "Pogonina,N"]
[Black "Zhukova,N"]
[Result "1/2-1/2"]
[WhiteElo "2499"]
[BlackElo "2466"]

1.e4 e6 2.d4 d5 3.Nd2 a6 4.Ngf3 c5 5.dxc5 Bxc5 6.Bd3 Ne7 7.O-O Nbc6 8.exd5 Nxd5
9.Ne4 Be7 10.c4 Nf6 11.Qe2 Qc7 12.Bg5 Nxe4 13.Bxe4 Nd4 14.Qd2 Nxf3+ 15.Bxf3 Bxg5
16.Qxg5 O-O 17.c5 h6 18.Qe3 Bd7 19.Rfd1 Rad8 20.Rd6 Bc6 21.Rad1 Bxf3 22.Qxf3 Rxd6
23.cxd6 Qd7 24.h4 Rd8 25.b3 Rc8 26.Qe3 Qc6 27.Qd4 Rd8 28.a4 b6 29.Rd3 Qc1+
30.Kh2 Qc5 31.Qf4 Rd7 32.Kg1 a5 33.Qd2 Qe5 34.Rd4 Qc5 35.Qd3 Qc1+ 36.Kh2 Qc5
37.g3 g6 38.Qd2 Kg7 39.Kg1 h5 40.Rd3 Kh7 41.Kg2 Qc6+ 42.Kh2 Qc5 43.Kg1 Kg7
44.Qb2+  1/2-1/2

[Event "10th Vasylyshyn Memorial GM"]
[Site "Lviv UKR"]
[Date "2013.11.19"]
[Round "1"]
[White "Ali Marandi,C"]
[Black "Vovk,Y"]
[Result "1/2-1/2"]
[WhiteElo "2371"]
[BlackElo "2588"]

1.e4 e6 2.d4 d5 3.Nd2 Nc6 4.Ngf3 Nf6 5.e5 Nd7 6.Be2 f6 7.exf6 Qxf6 8.Nf1 Bd6
9.Ne3 O-O 10.O-O Ne7 11.Bd3 h6 12.c3 Qf7 13.Ng4 Qh5 14.Nfe5 Kh8 15.f4 Nf5
16.Be2 Qe8 17.Ne3 Nxe5 18.fxe5 Be7 19.Bd3 Bg5 20.Bxf5 Bxe3+ 21.Bxe3 exf5
22.Qd2 Kh7 23.Rf3 Be6 24.Raf1 Qe7 25.Qc2 Kg8 26.Rg3 Kh7 27.Rgf3 Kg8 28.Rg3 Kh7  1/2-1/2

[Event "Bundesliga 2013-14"]
[Site "Muelheim GER"]
[Date "2013.11.23"]
[Round "3"]
[White "Saltaev,M"]
[Black "Zumsande,M"]
[Result "1-0"]
[WhiteElo "2480"]
[BlackElo "2431"]

1.e4 e6 2.d4 d5 3.Nd2 Nc6 4.Ngf3 Nf6 5.e5 Nd7 6.b3 f6 7.Bb2 fxe5 8.Nxe5 Ndxe5
9.dxe5 Qg5 10.g3 Bd7 11.f4 Qh6 12.Nf3 O-O-O 13.Qd2 Bb4 14.c3 Be7 15.h4 Qg6
16.Kf2 h6 17.Bd3 Qf7 18.h5 Bc5+ 19.Kg2 Ne7 20.b4 Bb6 21.a4 a5 22.Qc2 d4 23.bxa5 Nd5
24.Rae1 Bxa5 25.Nxd4 Kb8 26.Be4 Nb6 27.Qe2 Nxa4 28.Ra1 c5 29.Nb5 Bxb5 30.Qxb5 Rd2+
31.Kf3 Bxc3 32.Qxa4 Rxb2 33.Qa7+ Kc8 34.Qxc5+ Qc7 35.Ra8+  1-0

[Event "TCh-CZE Vychod 2013-14"]
[Site "Czech Rep CZE"]
[Date "2013.11.24"]
[Round "3.1"]
[White "Kanovsky,D"]
[Black "Novotny,M1"]
[Result "0-1"]
[WhiteElo "2404"]
[BlackElo "2241"]

1.e4 e6 2.d4 d5 3.Nd2 Be7 4.Ngf3 Nf6 5.Bd3 c5 6.dxc5 dxe4 7.Nxe4 Nxe4 8.Bxe4 Qxd1+
9.Kxd1 Bxc5 10.Ke2 f5 11.Bd3 Nc6 12.c3 O-O 13.Rd1 Be7 14.Bf4 Bf6 15.Bc4 Na5
16.Bb3 Nxb3 17.axb3 e5 18.Bxe5 Re8 19.Kf1 Rxe5 20.Nxe5 Bxe5 21.Rd8+ Kf7 22.b4 g6
23.Re1 Bf6 24.Rde8 b6 25.Kg1 a5 26.bxa5 bxa5 27.h3 a4 28.g4 Bb7 29.Rxa8 Bxa8
30.gxf5 gxf5 31.Kh2 Be4 32.Kg3 Be5+ 33.Kh4 Ke6 34.Kg5 Kd5 35.h4 Bc2 36.f4 h6+
37.Kxh6 Bxf4+ 38.Kh5 Bd2 39.Re8 Kc4 40.Rd8 Be3 41.Rc8+ Kd3 42.c4 f4 43.c5 Bd1+
44.Kg6 Bg4 45.Rd8+ Ke2 46.h5 f3 47.h6 f2 48.h7 Bf5+  0-1

[Event "10th Vasylyshyn Memorial GM"]
[Site "Lviv UKR"]
[Date "2013.11.24"]
[Round "6"]
[White "Vysochin,S"]
[Black "Vovk,Y"]
[Result "1-0"]
[WhiteElo "2525"]
[BlackElo "2588"]

1.e4 e6 2.d4 d5 3.Nd2 Nc6 4.Ngf3 Nf6 5.e5 Nd7 6.Bd3 Nb4 7.Be2 c5 8.c3 Nc6
9.O-O Qb6 10.Nb3 c4 11.Nbd2 Qa5 12.Re1 b5 13.b4 Qa4 14.Qxa4 bxa4 15.Bd1 Nb6
16.Rb1 a6 17.b5 axb5 18.Rxb5 Ra6 19.Bc2 Bd7 20.Rb1 Na7 21.Nf1 Nb5 22.Re3 Na3
23.Bxa3 Bxa3 24.N3d2 Ke7 25.f4 h5 26.Rh3 Rh6 27.Ne3 Kd8 28.f5 exf5 29.Bxf5 Bc6
30.Bc2 g6 31.Rf3 Rh7 32.Rf6 Kc7 33.Rbf1 Bb2 34.Nd1 a3 35.Rxf7+ Rxf7 36.Rxf7+ Kd8
37.Bxg6 Na4 38.Rf8+ Ke7 39.Rf3 h4 40.Bc2 Rb6 41.Nf1 Rb3 42.Nfe3 Kd8 43.Bxb3 cxb3
44.axb3 Bb5 45.bxa4 Bd3 46.Rf1 Kc8 47.e6 Kd8 48.a5 Ke8 49.a6 Bxa6 50.Nc2 Bc1
51.Nde3 Bb2 52.Nxa3 Bxf1 53.Kxf1 Bxa3 54.Nxd5  1-0

[Event "Great Hopes GM 2013"]
[Site "Budapest HUN"]
[Date "2013.11.25"]
[Round "9.1"]
[White "Vajda,Le"]
[Black "Balog,I1"]
[Result "0-1"]
[WhiteElo "2594"]
[BlackElo "2539"]

1.e4 e6 2.d4 d5 3.Nd2 Nc6 4.Ngf3 Nf6 5.e5 Nd7 6.c3 f6 7.b4 a6 8.b5 axb5 9.Bxb5 Be7
10.O-O O-O 11.Re1 f5 12.Nb3 Na5 13.Nfd2 Nb6 14.Re3 Nac4 15.Rh3 Rf7 16.Nxc4 dxc4
17.Nd2 Bd7 18.Bxc4 Nxc4 19.Nxc4 Bc6 20.Ne3 f4 21.Qd3 h6 22.Ng4 Rf5 23.f3 h5
24.Nf2 b5 25.Ne4 Qd5 26.g3 fxg3 27.Rxg3 Raf8 28.Bh6 R8f7 29.Rf1 Rxe5 30.Qe3 Ref5
31.Bg5 Bd6 32.Nxd6 cxd6 33.Rf2 e5 34.dxe5 Rxe5 35.Qd2 Qe6 36.h4 Re1+ 37.Rf1 Rxf1+
38.Kxf1 Bxf3 39.Kg1 Bc6 40.Re3 Qg4+ 41.Kh2 Rf1  0-1

[Event "Pushchino Autumn 2013"]
[Site "Pushchino RUS"]
[Date "2013.11.27"]
[Round "4.1"]
[White "Belenkaya,D"]
[Black "Romanko,M"]
[Result "0-1"]
[WhiteElo "2227"]
[BlackElo "2399"]

1.e4 e6 2.d4 d5 3.Nd2 Nc6 4.c3 e5 5.dxe5 dxe4 6.Qa4 Qd5 7.Qxe4 Qxe5 8.Bb5 Qxe4+
9.Nxe4 Bf5 10.Ng3 Bd7 11.Nf3 O-O-O 12.O-O Nf6 13.Bc4 Be6 14.Bxe6+ fxe6 15.Re1 Re8
16.Ne4 Bd6 17.Nfg5 Kd7 18.Bd2 h6 19.Nf3 Rhf8 20.Rad1 Kc8 21.c4 Rf7 22.Bc3 Nxe4
23.Rxe4 Bb4 24.Bxb4 Nxb4 25.Ne5 Rf5 26.a3 Na6 27.b4 Nb8 28.f3 a6 29.Kf2 b6
30.g4 Rff8 31.Ng6 Rf6 32.Ne5 Rff8 33.Red4 Rd8 34.Ng6 Rxd4 35.Rxd4 Rf7 36.Ne5 Rf6
37.Ke2 c5 38.bxc5 bxc5 39.Rd1 Kc7 40.Ke3 g5 41.h4 Rf4 42.h5 Rf8 43.Rb1 Nc6
44.Nxc6 Kxc6 45.a4 Rf4 46.a5 Rxc4 47.Rb6+ Kd5 48.Rxa6 Rc3+ 49.Ke2 c4 50.Ra8 Rc2+
51.Ke3 Rc3+ 52.Ke2 Rc2+ 53.Kd1 Ra2 54.a6 Kd4 55.a7 Ke3 56.Kc1 c3 57.Kd1 c2+
58.Kc1 e5 59.Rf8 Rxa7 60.Kxc2 Ra2+ 61.Kd1 Ra1+ 62.Kc2 Rf1 63.Rf6 e4 64.Rxh6 exf3
65.Re6+ Kf4 66.h6 f2  0-1

[Event "9th Ugra Governor's Cup"]
[Site "Khanty-Mansiysk RUS"]
[Date "2013.11.28"]
[Round "1.6"]
[White "Shimanov,A"]
[Black "Pridorozhni,A"]
[Result "1-0"]
[WhiteElo "2650"]
[BlackElo "2517"]

1.d4 e6 2.e4 d5 3.Nd2 Nc6 4.Ngf3 Nf6 5.e5 Nd7 6.b3 f6 7.Bb2 fxe5 8.dxe5 Be7
9.Bb5 O-O 10.O-O Qe8 11.Re1 Nd8 12.Bf1 b6 13.g3 Bb7 14.Nd4 c5 15.Nb5 Qf7
16.Qe2 Qg6 17.Rac1 Nf7 18.Bh3 Ba6 19.a4 Bg5 20.Bg2 Bxb5 21.axb5 Bxd2 22.Qxd2 Rac8
23.f4 Rc7 24.Ra1 Nh6 25.Ra4 Rf7 26.c4 d4 27.Be4 Nf5 28.Qg2 h5 29.Bc1 Nf8
30.Ra2 Qh6 31.Rf2 g6 32.h3 Rcd7 33.Bd3 Rh7 34.Bd2 Rhf7 35.Qf3 Rh7 36.Kf1 Rhf7
37.Ke2 h4 38.g4 Ng3+ 39.Kd1 Qg7 40.Kc2 Rde7 41.Qg2 Re8 42.Ra1 Rd8 43.Rf3 Nd7
44.Rxg3 hxg3 45.h4 Nf8 46.Qxg3 Qh8 47.Rh1 Rh7 48.f5 gxf5 49.gxf5+ Rg7 50.Qf3 exf5
51.Qxf5 Rg3 52.Rf1 Qxh4 53.Qf7+ Kh8 54.Rf4  1-0

[Event "ch-IRI 2013"]
[Site "Tabriz IRI"]
[Date "2013.11.29"]
[Round "4.6"]
[White "Behmardi,K"]
[Black "Ahmadinia,E"]
[Result "1-0"]
[WhiteElo "2276"]
[BlackElo "2398"]

1.e4 e6 2.d4 d5 3.Nd2 Be7 4.Ngf3 Nf6 5.e5 Nfd7 6.Bd3 c5 7.c3 Nc6 8.O-O a5
9.Nb1 O-O 10.Na3 f6 11.Qe2 cxd4 12.exf6 Nxf6 13.cxd4 Bd7 14.Nb5 Nb4 15.Bb1 Qb6
16.a4 Rae8 17.Rd1 Bxb5 18.axb5 Bd6 19.Ra3 Qc7 20.Ne5 Bxe5 21.dxe5 Ne4 22.f3 Nc5
23.Rc3 b6 24.Rd4 Qe7 25.Rg4 Qd7 26.Qf2 Qxb5 27.Qh4 Rf5 28.Bh6 g6 29.Bxf5 exf5
30.Qf6 Qd7 31.Rxc5 bxc5 32.e6 Nd3 33.h4 Qe7 34.Rxg6+ hxg6 35.Qxg6+ Kh8 36.Bg5 Qxg5  1-0

[Event "TCh-BEL 2013-14"]
[Site "Belgium BEL"]
[Date "2013.12.01"]
[Round "5.4"]
[White "Saltaev,M"]
[Black "Alienkin,A"]
[Result "1-0"]
[WhiteElo "2480"]
[BlackElo "2387"]

1.e4 e6 2.d4 d5 3.Nd2 a6 4.Ngf3 c5 5.exd5 exd5 6.dxc5 Bxc5 7.Nb3 Ba7 8.Bd3 Qe7+
9.Qe2 Nc6 10.O-O Bg4 11.Bf4 Qxe2 12.Bxe2 Nf6 13.h3 Bh5 14.Ne5 Bxe2 15.Rfe1 O-O-O
16.Rxe2 Rhe8 17.Rae1 Nxe5 18.Bxe5 Re6 19.Bd4 Rxe2 20.Rxe2 Bxd4 21.Nxd4 Re8
22.Kf1 Kd7 23.Rd2 Ne4 24.Rd3 Nc5 25.Rf3 f6 26.Nf5 g6 27.Nd4 f5 28.g4 fxg4
29.hxg4 Re7 30.Rf6 Ne4 31.Rf8 Nd2+ 32.Kg2 Re4 33.Nf3 Nc4 34.Rf7+ Re7 35.Rxe7+ Kxe7
36.b3 Nd6 37.Nd4 h5 38.f3 Kf6 39.Kg3 b5 40.Nc6 hxg4 41.Kxg4 Nf5 42.Nb4 Ke5
43.c3 a5 44.Nc6+ Kf6 45.Nxa5 Ne3+ 46.Kf4 Nd1 47.c4 g5+ 48.Kg3 dxc4 49.bxc4 bxc4
50.Nxc4 Nc3 51.a3 Ne2+ 52.Kg4 Nc3 53.Nb2 Nd5 54.Nc4 Nc3 55.Nd2 Na4 56.Ne4+ Ke5
57.Kxg5 Kd4 58.Kf5 Nb6 59.Nd2 Ke3 60.Ke6  1-0

[Event "XXVII Belgrade Trophy"]
[Site "Obrenovac SRB"]
[Date "2013.12.01"]
[Round "8.10"]
[White "Draskovic,L"]
[Black "Antic,De"]
[Result "1/2-1/2"]
[WhiteElo "2261"]
[BlackElo "2465"]

1.e4 e6 2.d4 d5 3.Nd2 Be7 4.e5 c5 5.Qg4 Kf8 6.dxc5 Nc6 7.Ngf3 h5 8.Qa4 Bd7
9.Bb5 a6 10.Bxc6 Bxc6 11.Qd4 Nh6 12.Nb3 Nf5 13.Qd2 d4 14.Nbxd4 Nxd4 15.Qxd4 Qxd4
16.Nxd4 Bxg2 17.Rg1 Bd5 18.Be3 Rc8 19.b3 Bxc5 20.c4 Be4 21.Rd1 b6 22.Ke2 h4
23.Rg4 Bb7 24.Nc2 Rh5 25.f4 Be4 26.Bxc5+ Rxc5 27.Ne3 Ra5 28.a4 g5 29.Rd4 Bg6
30.Rxg5 Rxg5 31.fxg5 Rxe5 32.Rxh4 Rxg5 33.Rh8+ Ke7 34.Rb8 f5 35.h4 Rg3 36.Rb7+ Kf6
37.Rxb6 f4 38.Nd5+ Ke5 39.Nxf4 Kxf4 40.Rxe6 a5 41.Kd2 Be4 42.Rb6 Rd3+ 43.Kc1 Ke3
44.b4 Rd2 45.bxa5 Rc2+ 46.Kb1 Kd4 47.Rb2 Rxc4+ 48.Ka2 Bc2 49.Ka1 Kc3 50.a6 Rxa4+
51.Ra2 Re4 52.Rb2 Ra4+ 53.Ra2 Rxh4 54.Rb2 Ra4+ 55.Ra2 Rb4 56.Ra5 Be4 57.a7 Ba8
58.Rc5+ Kb3 59.Kb1 Rd4 60.Rb5+ Ka3 61.Kc2 Rd7  1/2-1/2